LIBRARY & INFORMATION CENTRE, KCAET, TAVANUR

ONLINE PUBLIC ACCESS CATALOGUE (OPAC)

Muthalum palishayum / (Record no. 3972)

MARC details
000 -LEADER
fixed length control field 00335cam a2200133ua 4500
041 ## - LANGUAGE CODE
Language code of text/sound track or separate title mal
082 ## - DEWEY DECIMAL CLASSIFICATION NUMBER
Classification number 894.812 301
Item number MAN/MU
100 ## - MAIN ENTRY--AUTHOR NAME
Personal name Maniyur, P B .
245 ## - TITLE STATEMENT
Title Muthalum palishayum /
260 ## - PUBLICATION, DISTRIBUTION, ETC. (IMPRINT)
Place of publication Calicut :
Name of publisher P.K Brothers ,
Year of publication 1957.
300 ## - PHYSICAL DESCRIPTION
Number of Pages 102 ; .
942 ## - ADDED ENTRY ELEMENTS (KOHA)
Koha item type Books
Holdings
Withdrawn status Lost status Damaged status Home library Current library Date acquired Full call number Accession Number Koha item type
      KAUAET KAUAET 07/04/2012 894.812 301 1419 Books
Withdrawn     KAUAET KAUAET 16/01/2021 894.812 301 MAN/MU 1455 Books
free website counter